Development land and the right to roam, part II (Record no. 75126)
[ view plain ]
| 000 -LEADER | |
|---|---|
| fixed length control field | 01486cab a2200193 4500 |
| 001 - CONTROL NUMBER | |
| control field | L129486 |
| 008 - FIXED-LENGTH DATA ELEMENTS--GENERAL INFORMATION | |
| fixed length control field | 050422n2005 000 0 eng u |
| 035 ## - SYSTEM CONTROL NUMBER | |
| System control number | (Sirsi) u129486 |
| 041 ## - LANGUAGE CODE | |
| Language code of text/sound track or separate title | eng |
| 100 ## - MAIN ENTRY--PERSONAL NAME | |
| Personal name | Reekie, Peter |
| 245 ## - TITLE STATEMENT | |
| Title | Development land and the right to roam, part II |
| 260 ## - PUBLICATION, DISTRIBUTION, ETC. | |
| Date of publication, distribution, etc. | 2005 |
| 490 ## - SERIES STATEMENT | |
| Series statement | EMIS Property Service |
| Volume/sequential designation | 3(4) April 2005, 5-7(3) |
| 520 ## - SUMMARY, ETC. | |
| Summary, etc. | Part I (L129307) of this two-part series on the need for developers to consider the right to roam before acquiring vacant development land examined existing public rights of access in relation to common land and town and village greens and access by way of landowners' agreement or statutory rights together with the more recent right to roam access land created by the Countryside and Rights of Way Act 2000. In addition to defining the extent of such access land, a summary of categories of excepted land and land accessible under earlier statutes was also explored. Part II looks at the access land map itself including the responsibility for and procedure involved in its preparation, rights of the public in relation to access land, the possiblity of landowners excluding and restricting public access together with their rights and responsibilities and how the access map might be checked. [Taken from journal abstract]. |
| 590 ## - LOCAL NOTE (RLIN) | |
| Local note | IKA190505 |
| 650 ## - SUBJECT ADDED ENTRY--TOPICAL TERM | |
| Topical term or geographic name entry element | COUNTRYSIDE AND RIGHTS OF WAY ACT 2000 |
| 690 ## - LOCAL SUBJECT ADDED ENTRY--TOPICAL TERM (OCLC, RLIN) | |
| Topical term or geographic name as entry element | PROPERTY-RURAL AND NATURAL ASSETS-RURAL AND NATURAL ASSET DEVELOPMENT |
| 942 ## - ADDED ENTRY ELEMENTS (KOHA) | |
| Suppress in OPAC | 0 |
| Withdrawn status | Lost status | Source of classification or shelving scheme | Damaged status | Not for loan | Home library | Current library | Shelving location | Date acquired | Total Checkouts | Full call number | Barcode | Date last seen | Copy number | Price effective from | Koha item type |
|---|---|---|---|---|---|---|---|---|---|---|---|---|---|---|---|
| Dewey Decimal Classification | London | London | Journal article | 22/04/2005 | L129486 | 129486-1001 | 06/08/2019 | 1 | 06/08/2019 | Journal article |